=LDR 00000nam 2200000 4500 =001 000313 =005 20250710021345 =035 ##$$a 0010-0725000166 =007 ta =008 250710################a##########0#ind## =020 ##$$a 978-623-118-797-0 =082 ##$$a 398.209 598 =084 ##$$a 398.209 598 SET k =100 #$$a Atik Setyowati =245 1#$$a Kucarikan Untukmu /$c Atik Setyowati =250 ##$$a Cetakan Kedua =260 ##$$a Rawamangun :$b Badan Pengembangan dan Pembinaan Bahasa,$c 2023 =300 ##$$a 28 hlm. : $b Ilus. ; $c 21x29,7 =650 #4$$a Cerita Anak - Indonesia =650 #4$$a Kesusastraan Anak =856 ##$$a TBM AS SUHADA =990 ##$$a TBM202400013